<?xml version="1.0" encoding="UTF-8"?><?xml-stylesheet type="text/xsl" href="static/style.xsl"?><OAI-PMH xmlns="http://www.openarchives.org/OAI/2.0/" xmlns:xsi="http://www.w3.org/2001/XMLSchema-instance" xsi:schemaLocation="http://www.openarchives.org/OAI/2.0/ http://www.openarchives.org/OAI/2.0/OAI-PMH.xsd"><responseDate>2026-06-30T13:13:06Z</responseDate><request verb="GetRecord" identifier="oai:riubu.ubu.es:10259/7239" metadataPrefix="marc">https://riubu.ubu.es/oai/request</request><GetRecord><record><header><identifier>oai:riubu.ubu.es:10259/7239</identifier><datestamp>2023-03-30T07:21:50Z</datestamp><setSpec>com_10259_4393</setSpec><setSpec>com_10259_5086</setSpec><setSpec>com_10259_2604</setSpec><setSpec>col_10259_4394</setSpec></header><metadata><record xmlns="http://www.loc.gov/MARC21/slim" xmlns:doc="http://www.lyncode.com/xoai" xmlns:xsi="http://www.w3.org/2001/XMLSchema-instance" xmlns:dcterms="http://purl.org/dc/terms/" xsi:schemaLocation="http://www.loc.gov/MARC21/slim http://www.loc.gov/standards/marcxml/schema/MARC21slim.xsd">
<leader>00925njm 22002777a 4500</leader>
<datafield tag="042" ind1=" " ind2=" ">
<subfield code="a">dc</subfield>
</datafield>
<datafield tag="720" ind1=" " ind2=" ">
<subfield code="a">Arce Fariña, Elena</subfield>
<subfield code="e">author</subfield>
</datafield>
<datafield tag="720" ind1=" " ind2=" ">
<subfield code="a">Devesa-Rey, Rosa</subfield>
<subfield code="e">author</subfield>
</datafield>
<datafield tag="720" ind1=" " ind2=" ">
<subfield code="a">Suárez García, Andrés</subfield>
<subfield code="e">author</subfield>
</datafield>
<datafield tag="720" ind1=" " ind2=" ">
<subfield code="a">González Peña, David</subfield>
<subfield code="e">author</subfield>
</datafield>
<datafield tag="720" ind1=" " ind2=" ">
<subfield code="a">García Fuente, Manuel</subfield>
<subfield code="e">author</subfield>
</datafield>
<datafield tag="260" ind1=" " ind2=" ">
<subfield code="c">2022-10</subfield>
</datafield>
<datafield tag="520" ind1=" " ind2=" ">
<subfield code="a">Thermal comfort is essential when wearing a postural-corrective garment. Discomfort of any kind may deter regular use and prolong user recovery time. The objective of this work is therefore to optimize a new compound that can alter the temperature of orthopedic insoles, thereby improving the thermal comfort for the user. Its novelty is a resin composite that contains a thermoregulatory Phase-Change Material (PCM). An experimental design was used to optimize the proportions of PCM, epoxy resin, and thickener in the composite and its effects. A Box–Behnken factor design was applied to each compound to establish the optimal proportions of all three substances. The dependent variables were the Shore A and D hardness tests and thermogravimetric heat-exchange measurements. As was foreseeable, the influence of the PCM on the thermal absorption levels of the compound was quantifiable and could be determined from the results of the factor design. Likewise, compound hardness was determined by resin type and resin-PCM interactions, so the quantity of PCM also had some influence on the mechanical properties of the composite. Both the durability and the flexibility of the final product complied with current standards for orthopedic insoles.</subfield>
</datafield>
<datafield tag="024" ind2=" " ind1="8">
<subfield code="a">1996-1944</subfield>
</datafield>
<datafield tag="024" ind2=" " ind1="8">
<subfield code="a">http://hdl.handle.net/10259/7239</subfield>
</datafield>
<datafield tag="024" ind2=" " ind1="8">
<subfield code="a">10.3390/ma15196967</subfield>
</datafield>
<datafield tag="024" ind2=" " ind1="8">
<subfield code="a">1996-1944</subfield>
</datafield>
<datafield ind1=" " ind2=" " tag="653">
<subfield code="a">PCM</subfield>
</datafield>
<datafield ind1=" " ind2=" " tag="653">
<subfield code="a">Insole</subfield>
</datafield>
<datafield ind1=" " ind2=" " tag="653">
<subfield code="a">Epoxy resin</subfield>
</datafield>
<datafield ind1=" " ind2=" " tag="653">
<subfield code="a">Paraffin</subfield>
</datafield>
<datafield ind1=" " ind2=" " tag="653">
<subfield code="a">Insole thermal properties</subfield>
</datafield>
<datafield ind1=" " ind2=" " tag="653">
<subfield code="a">Box–Behnken design</subfield>
</datafield>
<datafield tag="245" ind1="0" ind2="0">
<subfield code="a">Effect of Phase-Change Materials on Laboratory-Made Insoles: Analysis of Environmental Conditions</subfield>
</datafield>
</record></metadata></record></GetRecord></OAI-PMH>